000 01247nam a2200325 i 4500
003 EG-GICUC
005 20260209103915.0
008 260209s2004 ua ||||fr|||| 00| 0 ara d
017 _a2004/5041
040 _a EG-GICUC
_bara
_c EG-GICUC
_d EG-GICUC
_erda
041 _aara
082 0 4 _a343.423
_bأ ش . ح
_221
092 0 4 _221
099 _aLaw1 10 343.423 أ ش . ح 2004 1006398
100 0 _aأشرف توفيق شمس الدين.
_eمؤلف.
245 1 2 _aالحماية الجنائية للبيئة /
_cتأليف الدكتور أشرف توفيق شمس الدين.
264 1 _aالقاهرة :
_bدار النهضة العربية،
_c2004.
300 _a297صفحة ;
_c24 سم.
_bإيضاحيات، صور، مثيليات ؛
336 _2rda content
_atext
337 _2rda media
_aComputer
338 _2rda carrier
_aOnline Resource
504 _aيشتمل على ارجاعات ببليوجرافية.
546 _aالنص باللغة العربية
650 1 _aالتشريعات المتعلقة بالبيئة
_2qrmak
650 1 _aالقانون الجنائى
_2qrmak
651 1 _2qrmak
856 4 0 _uhttps://fll.law.cu.edu.eg/fulltext/bks/B10-06398.pdf
905 _a18
942 _2ddc
_n0
_cBK
_e21
999 _c61745
_d61745